000 00764nam a2200229 a 4500
001 000009706
005 20240412074212.0
008 091001s2002 dr r 001 p spa d
020 _a9993491209
040 _aDO-SdBNP
_bspa
_cBNPHU
082 _aRD861.5
_bB142o
100 1 _aBáez, Rannel,
_d1963-
_921853
245 1 0 _aOrbe per verso :
_bsin poesía /
_cRannel Báez ; edición Vivian Lechuga.
260 _aSanto Domingo :
_bCasa de Teatro,
_c2002.
300 _a76 p. ;
_c21 cm.
586 _aPremio Internacional de Poesía Casa de Teatro 2002.
590 _aInventariado, 2019 / DG
650 0 _aPoesía dominicana
_966
650 0 _aLiteratura dominicana.
_967
700 1 _aLechuga, Vivian,
_eed.
_910977
910 _aValidado. Control de calidad. MMOLINA
999 _c9466
_d9466